=LDR 00000nam 2200000 4500 =001 INLIS000000000047157 =990 ##$$a 21423440 =005 20150826151642.0 =006 =007 =008 =020 ##$$a 978-979-29-2788-7 =035 ##$$0010-081500000000071 =040 ##$$a Ind =082 ##$$a 530 =090 ##$$a 530.076 $b Gal =100 ##$$a Galih, Vidia =245 ##$$a Olimpiade =250 ##$$a ed. I =260 ##$$a Yogyakarta $b Andi $c 2011 =300 ##$$a viii, 216 hlm $b 23 cm =850 ##$$a NBPDMAT =990 ##$$a 0001/BPAP-NTB/2015 =990 ##$$a 21423440